Score 0/22 Timer 06:00
0 Plays Today
Description Animal % Correct
arachnid plus long tailed primatespider monkey
95.1%
mythological fire breather plus annoying winged insectdragonfly
86.4%
woolly farm animal plus domestic caninesheepdog
79.2%
domestic feline plus aquatic dwellercatfish
78.6%
large wild cat plus toothy ocean predatortiger shark
75.7%
hard shelled reptile plus peaceful birdturtledove
74%
domestic equine plus annoying winged insecthorsefly
73.1%
urban rodent plus legless reptilerat snake
72.9%
wild canine plus arachnidwolf spider
71.6%
Thanksgiving bird and scavenger birdturkey vulture
68%
male bovine plus an amphibianbullfrog
64.5%
Description Animal % Correct
domestic canine plus cold blooded aquatic dwellerdogfish
62.1%
antlered forest dweller plus small scurrying rodentdeer mouse
57.7%
marsupial plus long tailed rodentkangaroo rat
56%
colony dwelling insect and the kingly wild catant lion
54.6%
domestic feline and avian animalcatbird
52%
domestic farm bird and bird of preychicken hawk or hen harrier
51.1%
wild canine plus domestic hunting caninefoxhound or wolfhound
50%
large African mammal plus tough insectrhinoceros beetle or elephant beetle
42.4%
antlered forest dweller plus blood sucking arachniddeer tick
42.4%
pachyderm plus ocean mammalelephant seal
36.1%
hard working equine plus antlered forest dwellermule deer
33.9%
Come Together.
Have Fun.
All Virtual.
We all need to come together. Play Sporcle's virtual live trivia to have fun, connect with people, and get your trivia on. Join a live hosted trivia game for your favorite pub trivia experience done virtually. If a virtual private party is more your thing, go here for details.

You're not logged in!

Compare scores with friends on all Sporcle quizzes.
OR
Log In

Sporcle TV

Today on Sporcle TV


Watch our educational content, quiz creation guides, and fun videos on Sporcle TV.

Show Comments

Extras

Top Quizzes Today


Score Distribution

Paid Content

Your Account Isn't Verified!

In order to create a playlist on Sporcle, you need to verify the email address you used during registration. Go to your Sporcle Settings to finish the process.

Report this User

Report this user for behavior that violates our Community Guidelines.

Details: